<?xml version="1.0" encoding="UTF-8"?>
<collection xmlns="http://www.loc.gov/MARC21/slim">
<record>
  <controlfield tag="001">117600</controlfield>
  <controlfield tag="005">20220708154015.0</controlfield>
  <datafield tag="037" ind1=" " ind2=" ">
    <subfield code="a">TESIS-2022-122</subfield>
  </datafield>
  <datafield tag="041" ind1=" " ind2=" ">
    <subfield code="a">spa</subfield>
  </datafield>
  <datafield tag="100" ind1="1" ind2=" ">
    <subfield code="a">Escamilla Galindo, Víctor Luis</subfield>
  </datafield>
  <datafield tag="245" ind1="0" ind2="0">
    <subfield code="a">Demandas físicas determinantes en el rendimiento de un equipo profesional de fútbol. Determining physical demands in the performance of a professional soccer team</subfield>
  </datafield>
  <datafield tag="260" ind1=" " ind2=" ">
    <subfield code="a">Zaragoza</subfield>
    <subfield code="b">Universidad de Zaragoza, Prensas de la Universidad</subfield>
    <subfield code="c">2022</subfield>
  </datafield>
  <datafield tag="300" ind1=" " ind2=" ">
    <subfield code="a">234</subfield>
  </datafield>
  <datafield tag="490" ind1="0" ind2=" ">
    <subfield code="a">Tesis de la Universidad de Zaragoza</subfield>
    <subfield code="x">2254-7606</subfield>
    <subfield code="v">2022-59</subfield>
  </datafield>
  <datafield tag="500" ind1=" " ind2=" ">
    <subfield code="a">Presentado:  28 03 2022</subfield>
  </datafield>
  <datafield tag="502" ind1=" " ind2=" ">
    <subfield code="a">Tesis-Univ. Zaragoza,  , 2022</subfield>
    <subfield code="b">Zaragoza, Universidad de Zaragoza</subfield>
    <subfield code="c">2022</subfield>
  </datafield>
  <datafield tag="520" ind1=" " ind2=" ">
    <subfield code="a">El objeto de estudio en el que se va a centrar este trabajo de investigación es el fútbol, deporte de masas, que engloba los mayores eventos deportivos: Mundial de Selecciones, Campeonato Europeo de Clubes, Ligas Nacionales, etc. Que se convierten en foco de interés social y cuyos órganos de gobierno se asemejan a grandes multinacionales.&lt;br />El área de conocimiento de esta tesis doctoral son las manifestaciones físicas cuantitativas que se dan en un encuentro de fútbol y que son medidas a través de un sistema de posicionamiento local de vídeo, estas manifestaciones han sufrido una evolución con el desarrollo de la interacción ente los equipos y sus integrantes, y su estudio ha mejorado la comprensión del juego. Los jugadores deben ser entrenados para conseguir el óptimo desarrollo físico aplicable al fútbol y su contexto.&lt;br />Por consiguiente, está tesis pretende aportar mayor descripción científica sobre los valores físicos que se transfieren al rendimiento, que pueden ser un factor determinante para la consecución de la victoria en un partido de fútbol, en dos temporadas diferentes del fútbol profesional.&lt;br />La estructura de esta tesis doctoral está enmarcada por los siguientes epígrafes:&lt;br />introducción y contextualización; hipótesis y objetivos; material y métodos; discusión, limitaciones y futuras líneas de investigación; conclusiones y bibliografía.&lt;br />La introducción tiene como finalidad encuadrar el marco teórico del fútbol con la representación de sus principales manifestaciones físicas, que caracterizan el esfuerzo durante un partido, las diferentes formas de clasificar esas capacidades y lo que señala la evidencia actual como relevante a la hora de medir las demandas condicionales para su entrenamiento y esclarecer su importancia. Por último, la contextualización del fútbol en el ámbito competitivo español y su relación con los requisitos condicionales.&lt;br />La parte experimental se compone del análisis de un equipo profesional de fútbol y su desarrollo temporal a lo largo de dos campañas ligueras, que se pueden considerar de éxito, al conseguir en la primera una posición para el playoff de ascenso y en la segunda un ascenso directo a la máxima categoría del fútbol español. Donde se&lt;br />analizan a través de los datos ofrecidos por un sistema de posicionamiento, las variables físicas de cada encuentro disputado, buscando extrapolar aquellos datos que se repiten en las victorias para determinar cuáles podrían ser los factores determinantes del rendimiento.&lt;br />En las conclusiones y aplicaciones prácticas se pretende aportar y esclarecer los principales hallazgos de la investigación con futuras líneas de actuación para seguir desarrollando el conocimiento en un deporte tan estocástico.&lt;br /></subfield>
  </datafield>
  <datafield tag="506" ind1=" " ind2=" ">
    <subfield code="a">by-nc</subfield>
    <subfield code="b">Creative Commons</subfield>
    <subfield code="c">3.0</subfield>
    <subfield code="u">http://creativecommons.org/licenses/by-nc/3.0/es</subfield>
  </datafield>
  <datafield tag="520" ind1=" " ind2=" ">
    <subfield code="a">&lt;br /></subfield>
  </datafield>
  <datafield tag="521" ind1=" " ind2=" ">
    <subfield code="9">7084</subfield>
    <subfield code="a">Programa de Doctorado en Ciencias de la Salud y del Deporte</subfield>
  </datafield>
  <datafield tag="653" ind1="1" ind2=" ">
    <subfield code="a">sector de la salud</subfield>
  </datafield>
  <datafield tag="653" ind1="1" ind2=" ">
    <subfield code="a">fisiologia del ejercicio</subfield>
  </datafield>
  <datafield tag="653" ind1="1" ind2=" ">
    <subfield code="a">fisiologia del movimiento</subfield>
  </datafield>
  <datafield tag="700" ind1=" " ind2=" ">
    <subfield code="a">Casajús Mallén, José Antonio </subfield>
    <subfield code="e">dir.</subfield>
  </datafield>
  <datafield tag="710" ind1="2" ind2=" ">
    <subfield code="a">Universidad de Zaragoza</subfield>
    <subfield code="b"> </subfield>
  </datafield>
  <datafield tag="830" ind1=" " ind2=" ">
    <subfield code="9">496</subfield>
  </datafield>
  <datafield tag="856" ind1="0" ind2=" ">
    <subfield code="f">cdeurop@unizar.es</subfield>
  </datafield>
  <datafield tag="856" ind1="4" ind2=" ">
    <subfield code="u">http://zaguan.unizar.es/record/117600/files/TESIS-2022-122.pdf</subfield>
    <subfield code="z">Texto completo (spa)</subfield>
    <subfield code="s">3468249</subfield>
  </datafield>
  <datafield tag="909" ind1="C" ind2="O">
    <subfield code="o">oai:zaguan.unizar.es:117600</subfield>
    <subfield code="p">driver</subfield>
    <subfield code="p">tesis</subfield>
  </datafield>
  <datafield tag="910" ind1="2" ind2=" ">
    <subfield code="a"></subfield>
    <subfield code="b"> </subfield>
  </datafield>
  <datafield tag="980" ind1=" " ind2=" ">
    <subfield code="a">TESIS</subfield>
  </datafield>
</record>
</collection>